Lenin for beginners (Record no. 49107)

MARC details
000 -LEADER
fixed length control field 00877nam a2200217 a 4500
008 - FIXED-LENGTH DATA ELEMENTS--GENERAL INFORMATION
fixed length control field 060424s1977 ||||||||||||||||| || u
020 ## - INTERNATIONAL STANDARD BOOK NUMBER
International Standard Book Number 0904613690
020 ## - INTERNATIONAL STANDARD BOOK NUMBER
International Standard Book Number 0904613674
050 ## - LIBRARY OF CONGRESS CALL NUMBER
Classification number HX 56 Len
100 ## - MAIN ENTRY--PERSONAL NAME
Personal name Appignanesi, Richard
245 10 - TITLE STATEMENT
Title Lenin for beginners
260 ## - PUBLICATION, DISTRIBUTION, ETC.
Place of publication, distribution, etc. London :
Name of publisher, distributor, etc. Writers and Readers Publishing Cooperative
Date of publication, distribution, etc. 1977
300 ## - PHYSICAL DESCRIPTION
Extent 171, [5] p. : ill.
350 ## - PRICE (NR) (BK AM CF MU VM SE) [OBSOLETE]
Price 0.00
500 ## - GENERAL NOTE
General note Bibliography
650 ## - SUBJECT ADDED ENTRY--TOPICAL TERM
Topical term or geographic name entry element SOVIET UNION - POLITICS AND GOVERNMENT - 1917-1936 - COMIC BOOKS, STRIPS, ETC
650 ## - SUBJECT ADDED ENTRY--TOPICAL TERM
Topical term or geographic name entry element LENIN, VLADIMIR II§ICH, 1870-1924--CURICATURES AND CARTOONS
650 ## - SUBJECT ADDED ENTRY--TOPICAL TERM
Topical term or geographic name entry element SOVIET UNION - HISTORY - REVOLUTION, 1917-1921 - COMIC BOOKS, STRIPS, ETC
700 ## - ADDED ENTRY--PERSONAL NAME
Personal name Zarante, Oscar, 1942-
995 ## - RECOMMENDATION 995 [LOCAL, UNIMARC FRANCE]
-- 0.00
-- CBU-MAIN LIBRARY (Kitwe)
-- 1
-- 1.25
-- AVAILABLE
-- Main Library Open Access Collection
Holdings
Withdrawn status Lost status Source of classification or shelving scheme Damaged status Not for loan Home library Current library Shelving location Date acquired Total Checkouts Full call number Barcode Date last seen Price effective from Koha item type
          CBU-MAIN LIBRARY, KITWE. CBU-MAIN LIBRARY, KITWE.   11/30/2022   HX 56 Len 009321 11/30/2022 11/30/2022 MONOGRAPH